00000000nam 2200000zi 4500
0019.940064
003CaOODSP
00520250131124828
006m     o  d f      
007cr mn|||||||||
008240702s2024    oncab   o    f000 0 eng d
020 |a9780660726038
040 |aCaOODSP|beng|erda|cCaOODSP
043 |an-cn-on
0861 |aCC172-258/2024E-PDF
24500|aFact sheet : |bpreparing for a nuclear emergency.
264 1|a[Ottawa] : |bCanadian Nuclear Safety Commission = Commission canadienne de sûreté nucléaire, |c[2024]
300 |a1 online resource (2 unnumbered pages) : |bcolour illustrations, colour map
336 |atext|btxt|2rdacontent
337 |acomputer|bc|2rdamedia
338 |aonline resource|bcr|2rdacarrier
500 |aIssued also in French under title: Fiche d'information : se préparer à une urgence nucléaire.
500 |a"This fact sheet was developed in collaboration between the CNSC and Mississaugas of Scugog Island First Nation"--Page [1].
650 0|aNuclear power plants|xAccidents|zOntario, Southern|xPlanning.
650 0|aEmergency management|zMississaugas of Scugog Island First Nation.
7102 |aCanadian Nuclear Safety Commission, |eissuing body.
77508|tFiche d'information : |w(CaOODSP)9.940063
85640|qPDF|s803 KB|uhttps://publications.gc.ca/collections/collection_2025/ccsn-cnsc/CC172-258-2024-eng.pdf